Detalles MARC
| 000 -CABECERA |
| campo de control de longitud fija |
01023nam a22002657a 4500 |
| 003 - IDENTIFICADOR DEL NÚMERO DE CONTROL |
| campo de control |
DO-SdBNP |
| 005 - FECHA Y HORA DE LA ÚLTIMA TRANSACCIÓN |
| campo de control |
20211012132100.0 |
| 007 - CAMPO FIJO DE DESCRIPCIÓN FÍSICA--INFORMACIÓN GENERAL |
| campo de control de longitud fija |
ta |
| 008 - DATOS DE LONGITUD FIJA--INFORMACIÓN GENERAL |
| campo de control de longitud fija |
211012b2018 dr ||||| |||| 00| j spa d |
| 020 ## - NÚMERO INTERNACIONAL ESTÁNDAR DEL LIBRO |
| Número Internacional Estándar del Libro |
9789945911602 |
| 040 ## - FUENTE DE LA CATALOGACIÓN |
| Centro catalogador/agencia de origen |
DO-SdBNP |
| Lengua de catalogación |
spa |
| Centro/agencia transcriptor |
BNPHU |
| 082 ## - NÚMERO DE LA CLASIFICACIÓN DECIMAL DEWEY |
| Número de documento/Ítem |
P953t |
| 245 00 - MENCIÓN DE TÍTULO |
| Título |
Primeras tintas / |
| Mención de responsabilidad, etc. |
Magdalena Lora, Patricia Álvarez, Eduardo…[et al.] |
| 260 ## - PUBLICACIÓN, DISTRIBUCIÓN, ETC. |
| Lugar de publicación, distribución, etc. |
Santo Domingo : |
| Nombre del editor, distribuidor, etc. |
Liberaetherious, |
| Fecha de publicación, distribución, etc. |
2018. |
| 300 ## - DESCRIPCIÓN FÍSICA |
| Extensión |
54 p. ; |
| Dimensiones |
16 cm. |
| 505 ## - NOTA DE CONTENIDO CON FORMATO |
| Nota de contenido con formato |
Introducción / |
| Mención de responsabilidad |
Newcombe Sosa |
| Título |
Asecinos de la noche / |
| Mención de responsabilidad |
Magdalena Lora -- |
| Título |
El vestido rojo / |
| Mención de responsabilidad |
Patricia Álvarez -- |
| Título |
Emilio Salvador / |
| Mención de responsabilidad |
Eduardo Peña -- |
| Título |
Noche de Samhein / |
| Mención de responsabilidad |
Nyanonima -- |
| Título |
Su torcida prioridad / |
| Mención de responsabilidad |
Alejandro Peguero Marte -- |
| Título |
Tía Lola / |
| Mención de responsabilidad |
Mercedes Varela. |
| 700 1# - PUNTO DE ACCESO ADICIONAL--NOMBRE DE PERSONA |
| Nombre de persona |
Lora, Magdalena |
| 9 (RLIN) |
80173 |
| 700 1# - PUNTO DE ACCESO ADICIONAL--NOMBRE DE PERSONA |
| Nombre de persona |
Álvarez, Patricia |
| 9 (RLIN) |
80174 |
| 700 1# - PUNTO DE ACCESO ADICIONAL--NOMBRE DE PERSONA |
| Nombre de persona |
Peña, Eduardo |
| 9 (RLIN) |
80175 |
| 700 1# - PUNTO DE ACCESO ADICIONAL--NOMBRE DE PERSONA |
| Nombre de persona |
Nyanonima |
| 9 (RLIN) |
80176 |
| 700 1# - PUNTO DE ACCESO ADICIONAL--NOMBRE DE PERSONA |
| Nombre de persona |
Peguero Marte, Alejandro |
| 9 (RLIN) |
80177 |
| 700 1# - PUNTO DE ACCESO ADICIONAL--NOMBRE DE PERSONA |
| Nombre de persona |
Varela, Mercedes |
| 9 (RLIN) |
80178 |
| 910 ## - DATOS DE OPCIÓN DEL USUARIO (OCLC) |
| Datos de opción del usuario |
Lopérez |
| 942 ## - ELEMENTOS DE PUNTO DE ACCESO ADICIONAL (KOHA) |
| Fuente del sistema de clasificación o colocación |
Dewey Decimal Classification |
| Tipo de ítem Koha |
Libro |